000 00344 a2200157 4500
001 62150
020 _a9788501091369
040 _cAnchieta - Pituba
100 _aSmith, L. J.
240 1 0 _aDiários do vampiro
_lpor
245 1 0 _aDiários do vampiro
300 _a445
362 0 _a2011
650 4 _aFicção norte-americana
942 _cBK
999 _c62150
_d62150